Sports Quiz

Random Sports or Football Quiz

German Football Champions Quiz Stats

Quiz not verified by Sporcle

Challenge
Share
Tweet
Embed
Score 0/104 Timer 08:00
1 Play Today
Year Champion % Correct
2013FC Bayern München
99.9%
1932FC Bayern München
99.7%
1969FC Bayern München
99.7%
1972FC Bayern München
99.7%
1973FC Bayern München
99.7%
1974FC Bayern München
99.7%
1980FC Bayern München
99.7%
1981FC Bayern München
99.7%
1985FC Bayern München
99.7%
1986FC Bayern München
99.7%
1987FC Bayern München
99.7%
1989FC Bayern München
99.7%
1990FC Bayern München
99.7%
1994FC Bayern München
99.7%
1997FC Bayern München
99.7%
1999FC Bayern München
99.7%
2000FC Bayern München
99.7%
2001FC Bayern München
99.7%
2003FC Bayern München
99.7%
2006FC Bayern München
99.7%
2005FC Bayern München
99.7%
2008FC Bayern München
99.7%
2014FC Bayern München
99.7%
2015FC Bayern München
99.7%
2012BV 09 Borussia Dortmund
99.2%
1956BV 09 Borussia Dortmund
97.6%
1957BV 09 Borussia Dortmund
97.6%
1963BV 09 Borussia Dortmund
97.6%
1995BV 09 Borussia Dortmund
97.6%
1996BV 09 Borussia Dortmund
97.6%
2002BV 09 Borussia Dortmund
97.6%
1923Hamburger SV
95%
1928Hamburger SV
95%
1960Hamburger SV
95%
1979Hamburger SV
95%
Year Champion % Correct
1982Hamburger SV
95%
1983Hamburger SV
95%
2009VfL Wolfsburg
93.4%
1950VfB Stuttgart
91.1%
1952VfB Stuttgart
91.1%
1984VfB Stuttgart
91.1%
1992VfB Stuttgart
91.1%
2007VfB Stuttgart
91.1%
1965SV Werder Bremen
91%
1988SV Werder Bremen
91%
1993SV Werder Bremen
91%
2004SV Werder Bremen
91%
1934FC Schalke 04
90.1%
1935FC Schalke 04
90.1%
1937FC Schalke 04
90.1%
1939FC Schalke 04
90.1%
1940FC Schalke 04
90.1%
1942FC Schalke 04
90.1%
1958FC Schalke 04
90.1%
1970Borussia Mönchengladbach
88.1%
1971Borussia Mönchengladbach
88.1%
1975Borussia Mönchengladbach
88.1%
1977Borussia Mönchengladbach
88.1%
1976Borussia Mönchengladbach
88.1%
19621.FC Köln
87.1%
19641.FC Köln
87.1%
19781.FC Köln
87.1%
2010FC Bayern München
84.2%
19511.FC Kaiserslautern
80%
19531.FC Kaiserslautern
80%
19911.FC Kaiserslautern
80%
19981.FC Kaiserslautern
80%
1959Eintracht Frankfurt
79.5%
1930Hertha BSC Berlin
79.1%
1931Hertha BSC Berlin
79.1%
Year Champion % Correct
2011BV 09 Borussia Dortmund
76.6%
19201.FC Nürnberg
71.8%
19211.FC Nürnberg
71.8%
19241.FC Nürnberg
71.8%
19251.FC Nürnberg
71.8%
19271.FC Nürnberg
71.8%
19361.FC Nürnberg
71.8%
19481.FC Nürnberg
71.8%
19611.FC Nürnberg
71.8%
19681.FC Nürnberg
71.8%
1966TSV 1860 München
67.9%
1903VfB Leipzig
59.4%
1906VfB Leipzig
59.3%
1913VfB Leipzig
59.3%
1933Fortuna Düsseldorf
55.6%
1955Rot-Weiß Essen
48.3%
1967Eintracht Braunschweig
47.9%
1907Freiburger FC
43.8%
1910Karlsruher FV
43.2%
1941Rapid Wien
40.4%
1914SpVgg Fürth
34.5%
1926SpVgg Fürth
34.5%
1929SpVgg Fürth
34.5%
1912Holstein Kiel
34.3%
1949VfR Mannheim
33.7%
1905Union 92 Berlin
32.4%
1938Hannoverscher SV 96
31.9%
1954Hannoverscher SV 96
31.9%
1943Dresdner SC
20.3%
1944Dresdner SC
20.3%
1908Viktoria Berlin
17.1%
1911Viktoria Berlin
17.1%
1922*No Champion
16.8%
1909Phönix Karlsruhe
16.4%

You're not logged in!

Compare scores with friends on all Sporcle quizzes.
Sign Up with Email
OR
Log In

You Might Also Like...

Show Comments

Extras

Top Quizzes Today


Score Distribution

Your Account Isn't Verified!

In order to create a playlist on Sporcle, you need to verify the email address you used during registration. Go to your Sporcle Settings to finish the process.

Report this User

Report this user for behavior that violates our Community Guidelines.

Details: